000 00603nam a2200193 i 4500
001 47747
003 ES-MaACL
005 20230906161625.0
007 t|
008 030521q1905 sp ||||1| spa d
100 1 _aBlanco Fombona, Rufino,
_d1874-1944
_929251
245 1 3 _aEl hombre de hierro
_b: (novela) /
_cR. Blanco-Fombona.
260 _aMadrid :
_bEditorial América,
_c[1905?] (
_fJuan Pueyo)
300 _a365 p. ;
_c19 cm.
490 1 _aBiblioteca Andrés Bello ;
_v23
830 0 _aBiblioteca Andrés Bello ;
_v23
_9182215
852 _aES-MaACL
_jF-8261
999 _c47747
_d47747